[Event "Athens of East GM-Open 2019"]
[Site "Madurai"]
[Date "2019.08.14"]
[Round "6.17"]
[White "Samal Ansuman"]
[Black "Lokesh, N.."]
[Result "0-1"]
[WhiteElo "1975"]
[BlackElo "2202"]
[Annotator "NA"]
[PlyCount "61"]
[EventDate "2019.08.11"]
[EventType "swiss"]
[EventCountry "IND"]
[SourceTitle "playchess.com"]
[Source "ChessBase"]
[SourceQuality "1"]
[TimeControl "5400+30"]

1. e4 {[%emt 0:00:15]} e5 {[%emt 0:00:00]} 2. d4 {[%emt 0:00:12]} exd4 {[%emt 0:00:00]} 3. Qxd4 {[%emt 0:00:05]} Nc6 {[%emt 0:00:00]} 4. Qe3 {[%emt 0:00:04]} g6 {[%emt 0:01:06]} 5. Nc3 {[%emt 0:00:10]} Bg7 {[%emt 0:00:06]} 6. Bd2 {[%emt 0:00:06]} Nf6 {[%emt 0:00:44]} 7. O-O-O {[%emt 0:00:35]} O-O {[%emt 0:00:18]} 8. h4 {[%emt 0:10:21]} Re8 {[%emt 0:05:36]} 9. h5 {[%emt 0:03:41]} d5 {[%emt 0:00:40]} 10. Qg3 {[%emt 0:07:04]} d4 {[%emt 0:21:47]} 11. Bg5 {[%emt 0:07:38]} dxc3 {[%emt 0:00:18]} 12. Rxd8 {[%emt 0:00:41]} cxb2+ {[%emt 0:00:05]} 13. Kb1 {[%emt 0:02:50]} Rxd8 {[%emt 0:00:08]} 14. Bd3 {[%emt 0:21:13]} Nxe4 {[%emt 0:01:58]} 15. Qh4 {[%emt 0:01:15]} Nxg5 {[%emt 0:02:04]} 16. Qxg5 {[%emt 0:12:44]} Be6 {[%emt 0:02:04]} 17. hxg6 {[%emt 0:05:44]} hxg6 {[%emt 0:00:22]} 18. Nf3 {[%emt 0:12:23]} Bxa2+ {[%emt 0:17:40]} 19. Kxa2 {[%emt 0:00:06]} Rd5 {[%emt 0:00:03]} 20. Qh4 {[%emt 0:06:12]} Ra5+ {[%emt 0:01:10]} 21. Kb3 {[%emt 0:00:02]} Rh5 {[%emt 0:00:09]} 22. Qxh5 {[%emt 0:01:10]} gxh5 {[%emt 0:00:08]} 23. c3 {[%emt 0:00:12]} a5 {[%emt 0:06:40]} 24. Kxb2 {[%emt 0:02:44]} a4 {[%emt 0:00:03]} 25. Rxh5 {[%emt 0:03:25]} a3+ {[%emt 0:00:26]} 26. Ka2 {[%emt 0:00:24]} Bxc3 {[%emt 0:00:26]} 27. Rg5+ {[%emt 0:00:03]} Kf8 {[%emt 0:00:19]} 28. Bh7 {[%emt 0:00:23]} Ke7 {[%emt 0:00:12]} 29. Bb1 {[%emt 0:01:39]} Nb4+ {[%emt 0:00:50]} 30. Kb3 {[%emt 0:00:05]} a2 {[%emt 0:00:05]} 31. Ng1 {[%emt 0:02:04]} 0-1

[Event "Athens of East GM-Open 2019"]
[Site "Madurai"]
[Date "2019.08.14"]
[Round "6.18"]
[White "Balkishan, A.."]
[Black "Arnav Maheshwari"]
[Result "1-0"]
[WhiteElo "2177"]
[BlackElo "1966"]
[Annotator "ChessBase"]
[PlyCount "69"]
[EventDate "2019.08.11"]
[EventType "swiss"]
[EventCountry "IND"]
[SourceTitle "playchess.com"]
[Source "ChessBase"]
[SourceQuality "1"]
[TimeControl "5400+30"]

1. d4 {[%emt 0:02:19]} Nf6 {[%emt 0:00:00]} 2. Nf3 {[%emt 0:00:10]} e6 {[%emt 0:00:00]} 3. Bg5 {[%emt 0:00:51]} b6 {[%emt 0:01:24]} 4. e4 {[%emt 0:00:31]} h6 {[%emt 0:00:07]} 5. Bxf6 {[%emt 0:00:22]} Qxf6 {[%emt 0:00:03]} 6. Bd3 {[%emt 0:01:06]} Bb7 {[%emt 0:01:12]} 7. Nbd2 {[%emt 0:00:52]} c5 {[%emt 0:01:30]} 8. c3 {[%emt 0:00:22]} Nc6 {[%emt 0:01:11]} 9. e5 {[%emt 0:07:24]} Qd8 {[%emt 0:00:46]} 10. O-O {[%emt 0:02:08]} cxd4 {[%emt 0:05:33]} 11. cxd4 {[%emt 0:00:28]} d6 {[%emt 0:03:44]} 12. Qa4 {[%emt 0:06:02]} a6 {[%emt 0:02:44]} 13. d5 {[%emt 0:12:29]} exd5 {[%emt 0:12:38]} 14. Rfe1 {[%emt 0:02:31]} Be7 {[%emt 0:04:50]} 15. e6 {[%emt 0:04:24]} O-O {[%emt 0:01:45]} 16. Qg4 {[%emt 0:00:18]} Bc8 {[%emt 0:19:31]} 17. Qf5 {[%emt 0:02:15]} g6 {[%emt 0:04:25]} 18. exf7+ {[%emt 0:02:09]} Rxf7 {[%emt 0:00:16]} 19. Qxd5 {[%emt 0:03:09]} Nb4 {[%emt 0:02:42]} 20. Qxa8 {[%emt 0:00:18]} Nxd3 {[%emt 0:00:03]} 21. Rxe7 {[%emt 0:00:14]} Qxe7 {[%emt 0:00:44]} 22. Qxc8+ {[%emt 0:00:08]} Kh7 {[%emt 0:00:02]} 23. Qc4 {[%emt 0:01:13]} Nf4 {[%emt 0:00:32]} 24. Re1 {[%emt 0:00:24]} Qd7 {[%emt 0:00:31]} 25. h3 {[%emt 0:02:26]} d5 {[%emt 0:01:28]} 26. Qxa6 {[%emt 0:01:28]} Qf5 {[%emt 0:01:36]} 27. Qxb6 {[%emt 0:01:59]} g5 {[%emt 0:00:28]} 28. Re5 {[%emt 0:03:27]} Qd7 {[%emt 0:00:28]} 29. Nf1 {[%emt 0:04:07]} g4 {[%emt 0:01:55]} 30. hxg4 {[%emt 0:01:01]} Qxg4 {[%emt 0:00:04]} 31. Ng3 {[%emt 0:02:27]} Nxg2 {[%emt 0:00:37]} 32. Kxg2 {[%emt 0:00:56]} Qxf3+ {[%emt 0:00:02]} 33. Kh3 {[%emt 0:01:39]} Qf4 {[%emt 0:00:13]} 34. Qe6 {[%emt 0:01:10]} Qxf2 {[%emt 0:00:27]} 35. Rf5 {[%emt 0:00:12]} 1-0

[Event "Athens of East GM-Open 2019"]
[Site "Madurai"]
[Date "2019.08.14"]
[Round "6.19"]
[White "Ananthapadmanabh D V"]
[Black "Tiwari, Arjun"]
[Result "1-0"]
[WhiteElo "1755"]
[BlackElo "2171"]
[Annotator "NA"]
[PlyCount "63"]
[EventDate "2019.08.11"]
[EventType "swiss"]
[EventCountry "IND"]
[SourceTitle "playchess.com"]
[Source "ChessBase"]
[SourceQuality "1"]
[TimeControl "5400+30"]

1. e4 {[%emt 0:00:00]} c5 {[%emt 0:00:00]} 2. d3 {[%emt 0:00:26]} Nc6 {[%emt 0:00:00]} 3. g3 {[%emt 0:00:08]} g6 {[%emt 0:00:06]} 4. Bg2 {[%emt 0:00:25]} Bg7 {[%emt 0:00:05]} 5. Nh3 {[%emt 0:01:11]} e5 {[%emt 0:00:55]} 6. O-O {[%emt 0:02:00]} Nge7 {[%emt 0:00:09]} 7. Nd2 {[%emt 0:01:17]} O-O {[%emt 0:02:30]} 8. f4 {[%emt 0:02:23]} d5 {[%emt 0:00:27]} 9. Nf2 {[%emt 0:00:06]} f5 {[%emt 0:01:09]} 10. fxe5 {[%emt 0:08:15]} fxe4 {[%emt 0:06:32]} 11. dxe4 {[%emt 0:00:21]} d4 {[%emt 0:01:04]} 12. Nf3 {[%emt 0:06:27]} Qb6 {[%emt 0:05:28]} 13. Qe2 {[%emt 0:04:58]} Kh8 {[%emt 0:01:58]} 14. Kh1 {[%emt 0:04:45]} Be6 {[%emt 0:01:13]} 15. Nd3 {[%emt 0:11:38]} Bg8 {[%emt 0:10:10]} 16. b3 {[%emt 0:04:46]} c4 {[%emt 0:09:29]} 17. bxc4 {[%emt 0:03:20]} Bxc4 {[%emt 0:00:20]} 18. Ba3 {[%emt 0:04:29]} Qa5 {[%emt 0:11:05]} 19. Bd6 {[%emt 0:01:37]} Bh6 {[%emt 0:01:47]} 20. h4 {[%emt 0:11:13]} Rad8 {[%emt 0:07:43]} 21. Bh3 {[%emt 0:01:19]} Rfe8 {[%emt 0:17:10]} 22. Rab1 {[%emt 0:05:12]} b5 {[%emt 0:03:38]} 23. h5 {[%emt 0:06:38]} g5 {[%emt 0:08:27]} 24. Nh2 {[%emt 0:00:53]} Nc8 {[%emt 0:04:15]} 25. Ng4 {[%emt 0:06:23]} Nxd6 {[%emt 0:00:19]} 26. exd6 {[%emt 0:00:36]} Rxd6 {[%emt 0:01:12]} 27. e5 {[%emt 0:02:47]} Bg7 {[%emt 0:02:02]} 28. h6 {[%emt 0:01:14]} Bxe5 {[%emt 0:00:59]} 29. Ngxe5 {[%emt 0:00:34]} Rxh6 {[%emt 0:01:38]} 30. Ng6+ {[%emt 0:03:08]} Rxg6 {[%emt 0:01:40]} 31. Qxe8+ {[%emt 0:00:05]} Bg8 {[%emt 0:00:14]} 32. Ne5 {[%emt 0:01:16]} 1-0

[Event "Athens of East GM-Open 2019"]
[Site "Madurai"]
[Date "2019.08.15"]
[Round "7.1"]
[White "Venkatesh, M.R."]
[Black "Smirnov, Pavel"]
[Result "0-1"]
[WhiteElo "2480"]
[BlackElo "2574"]
[Annotator "TA"]
[PlyCount "64"]
[EventDate "2019.08.11"]
[EventType "swiss"]
[EventCountry "IND"]
[SourceTitle "playchess.com"]
[Source "ChessBase"]
[SourceQuality "1"]

{[%evp 18,140,13,6,3,-14,-12,-12,-12,-19,-15,-10,-12,-24,-18,-18,-10,-40,-32,-35,-31,-45,-43,-52,-40,-53,-52,-81,-52,-50,-65,-68,-9,-16,-27,-22,-10,-10,-10,-18,0,0,27,30,28,-26,-12,-63,0,-40,0,0,42,-59,-66,-67,-62,-74,0,0,0,0,0,0,0,0,0,-38,-53,-145,-61,-134,-141,-129,-119,-116,-63,-142,-118,-120,-50,-50,-50,-50,-50,-112,-42,-50,-35,-50,-50,-50,-50,-50,-50,-50,0,0,0,-43,-23,-50,-43,-60,-43,-50,-50,-50,-50,-50,-50,-50,-21,-206,-199,-452,-446,-671,-415,-29974,-5210,-29974,-29975,-29975,-29976]} 1. Nf3 Nf6 2. g3 d5 3. Bg2 e6 4. O-O Be7 5. b3 O-O 6. Bb2 c5 7. e3 Nc6 8. c4 d4 9. exd4 cxd4 10. Re1 Ng4 {A14: English Opening: 1...e6 with b3 by White} (10... Re8 11. d3 Bc5 12. Ne5 Nxe5 13. Rxe5 Qd6 14. Qe1 a5 15. Nd2 Ra7 16. a3 b6 17. h3 Bb7 18. Nf3 Ba8 19. Bc1 {½-½ (38) Almasi,Z (2682)-Navara,D (2733) Germany 2018}) 11. h3 Nh6 12. Ne5 Nxe5 {The position is equal.} 13. Rxe5 f6 14. Re1 e5 $146 ({Predecessor:} 14... Kh8 15. Ba3 Bxa3 16. Nxa3 e5 17. b4 Be6 18. Qa4 {0-1 (35) Higashino,T (1978)-Aoshima,M (2280) Tokyo 2018}) 15. d3 Nf7 16. Qe2 Rb8 17. Na3 Bd7 18. Nc2 Re8 19. b4 Qc8 20. Qf1 Bc6 21. h4 Ba4 22. Rec1 Bxc2 23. Rxc2 Bxb4 24. c5 Bxc5 (24... Nd8 $15) 25. Rac1 b6 {[#]} 26. Ba3 $1 {[%mdl 512]} Kh8 (26... Bxa3 27. Rxc8) 27. Bxc5 bxc5 28. Rxc5 Qa6 29. Rc7 Nd6 30. Qe2 Nb5 {[#]} 31. R7c6 (31. Qg4 $142 $1 {[%mdl 512]} Nxc7 32. Rxc7) 31... Qa3 32. R1c4 (32. R1c5 $11) 32... Rg8 {Played: Nb5-c3} 0-1

[Event "Athens of East GM-Open 2019"]
[Site "Madurai"]
[Date "2019.08.15"]
[Round "7.2"]
[White "Gupta, Abhijeet"]
[Black "Karthikeyan, P.."]
[Result "1-0"]
[WhiteElo "2603"]
[BlackElo "2415"]
[Annotator "TA"]
[PlyCount "77"]
[EventDate "2019.08.11"]
[EventType "swiss"]
[EventCountry "IND"]
[SourceTitle "playchess.com"]
[Source "ChessBase"]
[SourceQuality "1"]

{[%evp 21,77,57,55,57,59,33,50,66,104,0,79,59,84,66,136,132,125,106,137,137,182,183,164,147,301,303,316,177,315,278,300,300,277,54,55,52,63,32,56,54,243,165,568,556,902,893,855,858,1058,1033,4710,4702,5221,5173,29978,29981,29994,29995]} 1. d4 Nf6 2. c4 g6 3. Nc3 Bg7 4. e4 d6 5. Nf3 O-O 6. h3 e5 7. d5 a5 8. g4 Na6 9. Be3 Nc5 10. Nd2 Bd7 11. Be2 c6 12. h4 {E92: King's Indian: Classical: 6 Be2 e5: 7 dxe5, 7 Be3 and Petrosian System without 7...Nbd7} a4 (12... cxd5 13. cxd5 Rc8 14. g5 Nh5 15. Bxc5 Rxc5 16. Bxh5 gxh5 17. Qxh5 b5 18. a4 bxa4 19. Qd1 Qc7 20. Nxa4 {0-1 (45) Grischuk,A (2751)-Naiditsch,A (2686) Novi Sad 2016}) 13. a3 Qa5 14. Kf1 {White is slightly better.} Rfc8 15. h5 ({White should try} 15. g5 $16 Nh5 16. Bxh5 gxh5 17. Qxh5) 15... cxd5 (15... gxh5 $11 16. gxh5 h6) 16. cxd5 b5 {[#]} 17. hxg6 $146 ({Predecessor:} 17. g5 Ne8 18. hxg6 hxg6 19. Kg2 Rab8 {½-½ (44) Riazantsev,A (2646)-Chigaev,M (2526) Minsk 2015}) 17... fxg6 (17... hxg6 $14 18. Kg2 Rab8) 18. g5 $16 Ne8 19. Kg2 {aiming for Qg1.} Bf8 20. Rh4 Qd8 21. Qh1 (21. Nxb5 Rcb8 $14) (21. Bxb5 $6 Bxb5 22. Nxb5 Rcb8 $14) 21... Qe7 22. Qh2 (22. Bxb5 $6 Bxb5 23. Nxb5 Rcb8 $14) (22. Nxb5 $6 Rcb8 $14) 22... Rab8 $2 (22... Nb3 $16 23. Rh1 h6 24. gxh6 Kh7 25. Nxb3 (25. Bxb5 Bxb5 26. Nxb5 Nxd2 $11) 25... axb3) 23. Rh1 $18 {[%cal Rh4h7]} h6 {Black hopes to continue with ...b4.} 24. gxh6 (24. Qg3 $142) 24... b4 (24... Nf6 $142 25. Qg3 Be8) 25. axb4 Rxb4 26. Qg3 Kh7 {[#]} 27. Nf3 $2 ({White must play} 27. Bg5 $1 $18 {[%cal Rg5e7]} Qf7 28. f4) 27... Rxb2 28. Rg4 $36 {[%mdl 2048] White is pushing.} Bxg4 29. Qxg4 Rc7 {Threatens to win with ...Nf6.} 30. Bxc5 {Strongly threatening Ng5+.} Rxc5 $2 (30... Nf6 $1 $14 31. Qh4 (31. Ng5+ Kh8 $14) 31... dxc5) 31. Nxa4 Rxe2 $2 (31... Nf6 {is tougher.} 32. Ng5+ Kh8) 32. Nxc5 dxc5 33. Ng5+ {[%mdl 64] Discovered Attack} Kh8 34. Ne6 {[%mdl 64] Discovered Attack} Ra2 35. Qxg6 {Threatening mate with Qg7+!} Nf6 36. Rh3 Ra7 {[#]} 37. Rf3 $1 {[%mdl 512]} Nh7 {[#]} 38. d6 $1 {[%mdl 512]} Qxd6 39. Rg3 {Accuracy: White = 66%, Black = 14%.} 1-0

[Event "Athens of East GM-Open 2019"]
[Site "Madurai"]
[Date "2019.08.15"]
[Round "7.3"]
[White "Khusenkhojaev, Muhammad"]
[Black "Vasquez Schroeder, Rodrigo"]
[Result "0-1"]
[WhiteElo "2441"]
[BlackElo "2496"]
[Annotator "TA"]
[PlyCount "56"]
[EventDate "2019.08.11"]
[EventType "swiss"]
[EventCountry "IND"]
[SourceTitle "playchess.com"]
[Source "ChessBase"]
[SourceQuality "1"]

{[%evp 12,56,16,10,21,9,16,0,0,0,0,0,6,-49,-45,-50,-62,-47,-50,-81,-73,-93,-97,-138,-135,-137,-129,-119,-125,-126,-114,-138,-69,-72,-43,-91,-99,-193,-193,-196,-180,-186,-178,-29974,-29966,-29991,-29992]} 1. d4 Nf6 2. c4 e6 3. Nc3 Bb4 4. Qc2 O-O 5. a3 Bxc3+ 6. Qxc3 d6 7. Nf3 Nbd7 {E32: Nimzo-Indian: Classical (4 Qc2): 4...0-0} (7... b6 8. b3 Bb7 9. Bb2 Nbd7 10. e3 Ne4 11. Qc2 f5 12. Be2 Qe8 13. O-O Qg6 14. Ne1 e5 15. f3 Ng5 16. dxe5 dxe5 17. Rd1 Rad8 18. Rd2 Nf7 19. Kh1 h5 {0-1 (45) Najer,E (2706)-Zhigalko,S (2648) Kocaeli 2017}) 8. b4 a5 9. Bb2 axb4 {The position is equal.} 10. axb4 Rxa1+ 11. Bxa1 b5 $146 ({Predecessor:} 11... Ne4 12. Qc2 f5 13. e3 c5 14. Bd3 cxb4 15. Bxe4 fxe4 16. Qxe4 {½-½ (35) Yasakov,I (2317)-Zakharov,V (2000) ICCF email 2006}) 12. cxb5 (12. c5 $1 $11) 12... Bb7 $15 13. e3 Qa8 {[%mdl 1024] Black has compensation.} 14. Be2 Qa2 $1 {[%cal Ra2b1] And now ...Qb1+ would win.} 15. Qc1 Nb6 16. Bc3 Bd5 17. Nd2 Bxg2 18. Rg1 {[#]} Be4 $1 19. f3 Bg6 20. Kf2 Qd5 21. Nf1 Qh5 ({Black should play} 21... Ra8 $17 22. Bd2 Ra7) 22. Bd2 Nbd5 23. e4 {[#]} Bxe4 $1 {[%mdl 512]} 24. Ng3 {[#]} (24. Bg5 $17) (24. fxe4 Nxe4+) 24... Ng4+ $1 $19 {[%mdl 512]} 25. fxg4 Qxh2+ 26. Kf1 f5 27. g5 $2 (27. gxf5 $19 exf5 28. Bf4) 27... f4 28. Nxe4 Ne3+ {Accuracy: White = 28%, Black = 64%.} 0-1

[Event "Athens of East GM-Open 2019"]
[Site "Madurai"]
[Date "2019.08.15"]
[Round "7.4"]
[White "Das, Sayantan"]
[Black "Shyaamnikhil P"]
[Result "1-0"]
[WhiteElo "2409"]
[BlackElo "2456"]
[Annotator "TA"]
[PlyCount "57"]
[EventDate "2019.08.11"]
[EventType "swiss"]
[EventCountry "IND"]
[SourceTitle "playchess.com"]
[Source "ChessBase"]
[SourceQuality "1"]

{[%evp 10,61,27,24,34,27,29,31,40,43,50,47,41,33,46,24,31,43,38,30,66,49,52,39,42,20,56,50,58,57,62,53,113,98,195,76,50,50,202,205,212,219,214,203,281,293,5301,5289,4782,1131,29981,29982,29981,29982]} 1. e4 c6 2. d4 d5 3. exd5 cxd5 4. Bd3 Nc6 5. c3 Qc7 6. h3 e6 {B13: Caro-Kann: Exchange Variation and Panov-Botvinnik Attack} 7. Nf3 Bd6 8. O-O Nge7 {White is slightly better.} 9. Re1 Bd7 10. Nbd2 Ng6 11. Nf1 Nce7 $146 ({Predecessor:} 11... Nf4 12. Ne5 Nxd3 13. Nxd3 O-O-O 14. Qf3 {½-½ (43) Lin,C (2475)-Ni,H (2674) China 2017}) 12. a4 Nf4 13. Bxf4 Bxf4 14. Ne5 Nc6 {[%cal Rf4e5]} 15. Qg4 Bh6 16. Qg3 Nxe5 17. dxe5 f6 18. Bxh7 O-O-O 19. Bg6 Rdf8 20. Nh2 Qb6 (20... Qc5 $14) 21. a5 $36 {[%mdl 2048] White has strong initiative.} Qxb2 {[#]} (21... Qc5 $16 {was worth a try.}) 22. a6 (22. Ng4 $1 $18 {is the precise move to win.}) 22... b6 $16 {With the idea ...fxe5.} 23. Ng4 {Strongly threatening exf6.} fxe5 $2 (23... f5 $1 $14 24. Nxh6 gxh6) 24. Qxe5 $18 ({Wrong is} 24. Nxe5 $2 Bf4 $19) 24... Qb5 ({Avoid the trap} 24... Bd2 $2 25. Reb1 $18) 25. Nxh6 gxh6 {[#]} 26. Bf7 $1 {[%mdl 512]} Qc5 (26... Rxf7 27. Qxh8+) 27. Bxe6 Qxf2+ $2 (27... Bxe6 28. Qxe6+ Kc7 29. Qe7+ Qxe7 30. Rxe7+ Kc6 31. Rxa7 h5) 28. Kh1 {White threatens Bxd7+ and mate.} Qc5 {[#]} 29. Bxd7+ {Played: Ra1-d1} 1-0

[Event "Athens of East GM-Open 2019"]
[Site "Madurai"]
[Date "2019.08.15"]
[Round "7.5"]
[White "Rajesh, V A V"]
[Black "Savchenko, Boris"]
[Result "0-1"]
[WhiteElo "2368"]
[BlackElo "2576"]
[Annotator "TA"]
[PlyCount "112"]
[EventDate "2019.08.11"]
[EventType "swiss"]
[EventCountry "IND"]
[SourceTitle "playchess.com"]
[Source "ChessBase"]
[SourceQuality "1"]

{[%evp 9,112,27,24,29,30,29,28,30,28,31,38,0,21,0,0,0,16,0,0,0,0,0,0,0,0,0,-4,0,0,-14,0,-16,-11,0,0,-32,-23,-30,0,-18,-18,-75,-72,-81,-75,-91,-72,-111,-112,-116,-109,-175,-173,-158,-164,-154,-127,-178,-193,-188,-202,-196,-196,-201,-201,-191,-202,-165,-166,-169,-155,-270,-260,-275,-350,-349,-350,-341,-307,-361,-352,-509,-510,-510,-494,-481,-482,-443,-450,-459,-440,-29982,-29983,-29983,-29984,-29984,-29985,-29986,-29987,-29987,-29988,-29988,-29989,-29989,-29990]} 1. d4 e6 2. c4 d5 3. Nf3 a6 4. cxd5 exd5 5. Nc3 Nf6 6. Bg5 {D37: Queen's Gambit Declined: 5 Bf4} Be6 7. e3 Nbd7 8. Bd3 {White has an edge.} Bd6 (8... h6 9. Bf4 g5 10. Bg3 Nh5 11. Be5 Nhf6 12. Bg3 Nh5 13. Ne2 Nxg3 14. Nxg3 {1-0 (61) Leko,P (2679)-Caruana,F (2832) Germany 2019}) 9. O-O O-O 10. Rc1 c6 11. Qc2 $146 ({Predecessor:} 11. Bh4 Qc7 12. Bg3 Bxg3 13. hxg3 Bg4 {1-0 (42) Askerov,M (2265)-Khegay,D (2499) St Petersburg 2018}) 11... Qc7 12. Bh4 Bg4 13. Bg3 Bxg3 14. hxg3 Bh5 15. b4 Bg6 16. Bxg6 hxg6 17. a4 Qd6 18. Qb3 Rfc8 19. a5 Rc7 20. Na4 Ne4 21. Nc5 Re8 22. Rc2 Qe7 23. Re1 Qd8 24. Rec1 Nd6 25. Nxd7 (25. g4 $11 {remains equal.}) 25... Rxd7 $17 26. Ne5 Rde7 27. Qd3 g5 28. Qd1 Re6 29. Qg4 Qe7 30. Nd3 (30. Qf3 $17) 30... Rh6 $19 31. Re1 g6 32. Qd1 Kg7 33. g4 (33. f3 $17) 33... Reh8 {[%csl Gh8][%cal Rh6h1]} 34. f3 {[#]} Qxe3+ $1 {[%mdl 512]} 35. Rxe3 Rh1+ {[%mdl 64] Skewer} 36. Kf2 Rxd1 37. Ke2 Rhh1 38. Re7 Kf8 $36 {[%mdl 2048] Black is on the roll.} 39. Rd7 Nb5 40. Ke3 {[#]} (40. Rd2 $17 {was the only chance.} Nxd4+ 41. Ke3) 40... f5 $1 41. Rxb7 f4+ {[%mdl 64] Overworked Piece} 42. Nxf4 gxf4+ 43. Kxf4 Nxd4 44. Rb2 Rde1 45. Kg5 (45. Rd2 {might work better.} Ne6+ 46. Kg3) 45... Re7 46. Rxe7 Kxe7 47. Kxg6 {[%mdl 4096] Endgame KRN-KR} Rh8 48. Rd2 Ne6 49. Re2 Rg8+ 50. Kh7 (50. Kh5 $19 Kf6 51. Kh4) 50... Kf7 {Black mates.} 51. Rxe6 Kxe6 52. Kxg8 {KP-KP} d4 53. f4 d3 54. Kg7 d2 55. f5+ Ke5 56. f6 d1=Q {Accuracy: White = 52%, Black = 86%.} 0-1

[Event "Athens of East GM-Open 2019"]
[Site "Madurai"]
[Date "2019.08.15"]
[Round "7.6"]
[White "Tukhaev, Adam"]
[Black "Balkishan, A.."]
[Result "1-0"]
[WhiteElo "2541"]
[BlackElo "2177"]
[Annotator "TA"]
[PlyCount "53"]
[EventDate "2019.08.11"]
[EventType "swiss"]
[EventCountry "IND"]
[SourceTitle "playchess.com"]
[Source "ChessBase"]
[SourceQuality "1"]

{[%evp 23,53,7,16,0,13,0,43,6,20,0,24,0,34,45,369,320,352,213,293,269,388,308,556,560,687,679,629,462,643,636,640,640]} 1. e4 c5 2. Nf3 e6 3. d4 cxd4 4. Nxd4 Nc6 5. Nc3 Qc7 6. Be3 a6 7. a3 Nf6 8. f4 d6 9. Nb3 Be7 10. Bd3 b5 11. O-O Bb7 12. Qf3 O-O 13. Qh3 {B57: Classical Sicilian: Sozin with 6...Qb6} Rfe8 (13... g6 14. Rae1 b4 15. axb4 Nxb4 16. f5 e5 17. Kh1 Nxd3 18. cxd3 Rab8 19. Bh6 Rfe8 20. Nd2 d5 {1-0 (37) Perez Rodriguez,L (2475)-Hevia Alejano,C (2520) Panama City 2011}) 14. g4 Nd7 15. g5 {White is slightly better.} g6 16. Rf3 Bf8 17. Qh4 Bg7 18. Rh3 $36 {[%mdl 2048] White has some pressure.} d5 $146 {[%mdl 8192] [#]} (18... h5 $14) ({Predecessor:} 18... Nf8 19. f5 exf5 {0-1 (47) Saxena,V (2358)-Rawlings,A (2210) ICCF email 2008}) 19. Qxh7+ Kf8 {White should prevent ...d4.} 20. e5 Ne7 21. Bd4 Nb6 (21... Rac8 $142 22. Ne2 Red8) 22. Re1 Nc4 $2 (22... Na4 {was necessary.} 23. Nxa4 bxa4) 23. Nd1 $18 {White is clearly winning.} a5 24. Nf2 a4 25. Nc1 Nf5 26. Bxf5 exf5 {[#]} 27. Qxg7+ $1 {[%mdl 512] Accuracy: White = 64%, Black = 18%.} 1-0

[Event "Athens of East GM-Open 2019"]
[Site "Madurai"]
[Date "2019.08.15"]
[Round "7.7"]
[White "Prasannaa.s"]
[Black "Triapishko, Alexandr"]
[Result "0-1"]
[WhiteElo "2233"]
[BlackElo "2515"]
[Annotator "TA"]
[PlyCount "64"]
[EventDate "2019.08.11"]
[EventType "swiss"]
[EventCountry "IND"]
[SourceTitle "playchess.com"]
[Source "ChessBase"]
[SourceQuality "1"]

{[%evp 23,63,24,66,54,63,51,80,56,34,50,57,-14,-22,-10,0,-34,0,0,1,0,8,14,110,87,106,81,86,0,0,7,13,-536,-506,-29985,-29986,-29985,-264,-29994,-29995,-29998,-29999,-29999]} 1. e4 c6 2. d4 d5 3. exd5 cxd5 4. c4 Nf6 5. Nc3 Nc6 6. Nf3 g6 7. cxd5 Nxd5 8. Qb3 Nxc3 9. Bc4 Nd5 10. Bxd5 e6 11. Bxc6+ bxc6 12. O-O Bg7 13. Qa3 {A35: Symmetrical English: 2 Nc3 Nc6 3 Nf3} (13. Bg5 Qd6 14. Qe3 O-O 15. Bh6 Rd8 16. Bxg7 Kxg7 17. Rfc1 Rb8 18. Ne5 Bb7 19. Rc4 f6 20. Ng4 Qe7 {½-½ (73) Brown,M (2497)-Zierk,S (2482) Charlotte 2018}) 13... Qe7 14. b3 c5 15. Bf4 $146 {White is better.} ({Predecessor:} 15. Bg5 f6 16. Bd2 cxd4 17. Bb4 Qd7 18. Rad1 d3 19. Ne1 Bf8 20. Nxd3 Bxb4 21. Nxb4 {1-0 (85) Faizulaev,A (2322)-Jumanov,E (2090) Tashkent 2014}) 15... Bb7 ({Much weaker is} 15... cxd4 $6 16. Bd6 $16) 16. Ne5 O-O 17. dxc5 (17. Qxc5 $14 Qh4 18. Bg3) 17... g5 $11 18. Bg3 f5 $1 {[%cal Rf5f4] Strongly threatening ...f4.} 19. f4 $1 Bxe5 20. fxe5 f4 21. Bf2 Qd7 22. b4 g4 (22... a5 $11) 23. Qb2 $1 $16 g3 24. hxg3 Qd5 {[%csl Gb7][%cal Rd5g2]} 25. Be1 (25. Bd4 $1 $16) 25... f3 $1 $40 {[%cal Rf3g2][%mdl 128] White needs to defend precisely.} 26. Rf2 {aiming for b5.} fxg2 {Hoping for ...Qd3.} 27. Rc1 $2 {[%mdl 8192]} (27. Qe2 $11) 27... Qd3 $1 $19 {[%cal Rd3f1] ( -> ...Qf1+)} 28. Rxf8+ (28. Kh2 $19 Qxg3+ 29. Kg1) 28... Rxf8 29. Bf2 Qf3 $2 (29... Qf5 {mates} 30. g4 Qf3 31. Rc3 Qd1+ 32. Kh2 Qh1+ 33. Kg3 {[#]} Rxf2 $1 {[%mdl 576] Promotion} 34. Qxf2 h5 35. gxh5 g1=Q+ 36. Qxg1 Qxg1+ 37. Kh3 Qh1+ 38. Kg4 Qd1+ 39. Kg3 Qe1+ $1 {[%mdl 576] Double Attack} 40. Kg4 Qxc3 41. c6 Bxc6 42. h6 Qf3+ 43. Kh4 Qg2 44. a3 Bf3 45. h7+ Kxh7 46. b5 Qg4#) 30. Qd4 $2 (30. c6 $19 Bxc6 31. Rxc6 Qxc6 32. Qd2) 30... Be4 {Black mates.} 31. g4 Qh3 {[%csl Ge4,Gg2][%cal Rh3h1]} 32. Qxe4 Qh1# $1 {Accuracy: White = 44%, Black = 51%.} 0-1